00461nam a2200157Ia 4500020001800000082001600018100001700034100002200051245007000073260003000143300001400173504002400187650003300211650002200244650003700266 a9781522522966 a005.8 JEY-S aJeyanthi, N. aThandeeswaran, R. 0aSecurity breaches and threat prevention in the internet of things aHersheybIGI Globalc2017 axiv, 276p aIncludes references aComputer sciencevTechnology aInternet security aSecurity measuresvComputer data